000 00473nam a2200181Ia 4500
001 17485
005 20260306171521.0
008 260306s9999||||xx |||||||||||||| ||und||
041 _aESP
082 _a658
_bP46A
100 _aPérez López, Juan Antonio
_eAUT
245 0 _aIntroducción a la dirección de empresas:
_bla decisiones de gobierno
260 _c2009
300 _a104 páginas :
_c20 cm.
650 _aGEN
654 _aCAN
942 _cLIB
_dJUS
_fJUS
_2ddc
_n
999 _c17485
_d17485